| 000 | 00661nam a22002057a 4500 | ||
|---|---|---|---|
| 003 | BD-DhUL | ||
| 005 | 20220824112824.0 | ||
| 008 | 220808s2021 bg ||||| |||| 00| 0 ben | ||
| 020 | _a9789849520979 (hbk) | ||
| 040 |
_aBD-DhUL _cBD-DhUL |
||
| 082 |
_a891.443 _bSIJ |
||
| 100 | 1 | _aসিকদার, সৌরভ | |
| 245 | 0 | 0 |
_aযাদুকাঁটা / _cসৌরভ সিকদার । |
| 260 |
_aঢাকা : _bমাওলা, _c২০২১ । |
||
| 300 |
_a১২০ পৃ. ; _c২২ সেমি. |
||
| 365 |
_aBDT _b240.00 |
||
| 650 | 4 | _aবাংলা উপন্যাস । | |
| 650 | 4 | _aBengali fiction. | |
| 942 |
_2ddc _cBK |
||
| 999 |
_c256772 _d256772 |
||